Nezdaniteľná časť základu dane na daňovníka

Základné charakteristiky a uplatnenie nároku na nezdaniteľnú časť základu dane na daňovníka. Výška nezdaniteľnej časti základu dane na daňovníka. Princíp milionárskej dane.

Na minha lista:
Detalhes bibliográficos
Autor principal: Matlovičová, Iveta
Formato: Capítulo de Livro
Idioma:eslovaco
Assuntos:
Tags: Adicionar Tag
Sem tags, seja o primeiro a adicionar uma tag!

MARC

LEADER 00000naa a2200000 4500
001 0298901
005 20240417075301.2
041 0 |a slo 
044 |a SK 
245 1 0 |a Nezdaniteľná časť základu dane na daňovníka  |c Iveta Matlovičová 
520 |a Základné charakteristiky a uplatnenie nároku na nezdaniteľnú časť základu dane na daňovníka. Výška nezdaniteľnej časti základu dane na daňovníka. Princíp milionárskej dane. 
610 2 0 |a účtovníctvo daňové 
610 2 0 |a účtovníctvo mzdové 
610 2 0 |a priznania daňové 
610 2 0 |a daňovníci 
610 2 0 |a základ dane 
610 2 0 |a dane progresívne 
610 2 0 |a úľavy daňové 
610 2 0 |a obdobie zdaňovacie 
100 1 |a Matlovičová, Iveta